Effect of chicken manure with different spacing on chinese radish in sandy loam soil condition ប្រសិទ្ធិភាពជាលាមកមាន់ ក្នុងចន្លោះគុម្ពផ្សេងគ្នាលើដំណាំឆៃថាវ ក្នុងលក្ខខណ្ឌដីល្បាយខ្សាច់ (Record no. 1080)

000 -LEADER
fixed length control field 00716nam a22001577a 4500
003 - CONTROL NUMBER IDENTIFIER
control field OSt
005 - DATE AND TIME OF LATEST TRANSACTION
control field 20150922153615.0
008 - FIXED-LENGTH DATA ELEMENTS--GENERAL INFORMATION
fixed length control field 150922b xxu||||| |||| 00| 0 eng d
040 ## - CATALOGING SOURCE
Transcribing agency RUA
082 ## - DEWEY DECIMAL CLASSIFICATION NUMBER
Classification number AGR SOR 2010 B046 Or.1
100 ## - MAIN ENTRY--PERSONAL NAME
9 (RLIN) 1128
Personal name SORN, SREYLEAK
245 ## - TITLE STATEMENT
Title Effect of chicken manure with different spacing on chinese radish in sandy loam soil condition ប្រសិទ្ធិភាពជាលាមកមាន់ ក្នុងចន្លោះគុម្ពផ្សេងគ្នាលើដំណាំឆៃថាវ ក្នុងលក្ខខណ្ឌដីល្បាយខ្សាច់
260 ## - PUBLICATION, DISTRIBUTION, ETC. (IMPRINT)
Place of publication, distribution, etc. Phnom Penh
Name of publisher, distributor, etc. RUA
Date of publication, distribution, etc. 2010
300 ## - PHYSICAL DESCRIPTION
Extent x, 50p.
Other physical details ill.
Dimensions 29cm.
942 ## - ADDED ENTRY ELEMENTS (KOHA)
Source of classification or shelving scheme
Koha item type AGR
Holdings
Price effective from Date last seen Permanent Location Not for loan Date acquired Source of classification or shelving scheme Koha item type Lost status Withdrawn status Date last checked out Total Checkouts Shelving location Damaged status Barcode Current Location Full call number
2015-09-222023-01-02Library Block B 2015-09-22 AGR  2022-12-1914B046 RUA006638Library Block BAGR SOR 2010 B046 Or.1
2015-09-222025-01-08Library Block B 2015-09-22 AGR  2024-12-093B046 RUA006641Library Block BAGR SOR 2010 B046 Or.2
2015-09-222022-08-24Library Block B 2015-09-22 AGR  2022-08-028B046 RUA006852Library Block BAGR SOR 2010 B046 Or.3
2015-09-222024-01-08Library Block B 2015-09-22 AGR  2023-12-265B046 RUA006905Library Block BAGR SOR 2010 B046 Or.4
2015-09-222023-10-19Library Block B 2015-09-22 AGR  2022-02-0912B046 RUA008661Library Block BAGR SOR 2010 B046 Or.5
មជ្ឈមណ្ឌលឯការនៃសាកលវិទ្យាល័យភូមិន្ទកសិកម្មចំការដូង

Powered by Koha